| 000 | 01525nam0a22003131 4500 | ||
|---|---|---|---|
| 001 | rc\497052 | ||
| 005 | 20260210172440.0 | ||
| 035 | _a(NLR Aleph) 005738428 | ||
| 090 |
_a4711926 _c4711926 |
||
| 100 | _a20030616d1988 u y0rusy50 ca | ||
| 101 | 0 | _arus | |
| 102 | _aRU | ||
| 105 | _ay ||||||||| | ||
| 200 | 1 |
_aПоле детства _eПовести каз. писателей о подростках _e[Для ст. шк. возраста _eПер. с каз. _fСост. Б. Мукаев] |
|
| 210 |
_aАлма-Ата _cЖалын _d1988 |
||
| 215 |
_a133 с. _d21 |
||
| 327 | 1 | _aСодерж.: Кунекей / М. Аймбетов. Солнце в одуванчиках / М. Кубанбаев. Чика - сын Дабыла / М. Каназов. Поле детства / Т. Нурмагамбетов. На летних качкулах / А. Шынбатыров | |
| 464 | 0 |
_12001#$aКунекей _1700#1$aАймбетов$bМ. |
|
| 464 | 0 |
_12001#$aСолнце в одуванчиках _1700#1$aКубанбаев$bМ. |
|
| 464 | 0 |
_12001#$aЧика - сын Дабыла _1700#1$aКаназов$bМ. |
|
| 464 | 0 |
_12001#$aПоле детства _1700#1$aНурмагамбетов$bТ. |
|
| 464 | 0 |
_12001#$aНа летних качкулах _1700#1$aШынбатыров$bА. |
|
| 702 | 1 |
_aМукаев _bБ. _f1948-2008 _gБакхожа _3RU\NLR\AUTH\770289823 _4220 |
|
| 801 | 0 |
_aRU _bNLR _gpsbo |
|
| 801 | 1 |
_aRU _bELAR _2rusmarc |
|
| 852 |
_aNLR _j88-3/7234 |
||
| 942 | _cUNSPEC | ||
| 980 | _aNB | ||